Normal view
MARC view
- Yunus A. Cengel Michael A.Boles
Entry Personal Name
001 - CONTROL NUMBER
- control field: 54221
003 - CONTROL NUMBER IDENTIFIER
- control field: NUST
005 - DATE AND TIME OF LATEST TRANSACTION
- control field: 20210421115920.0
008 - FIXED-LENGTH DATA ELEMENTS
- fixed length control field: 210421|| aca||aabn | a|a d
040 ## - CATALOGING SOURCE
- Original cataloging agency: NUST
- Transcribing agency: NUST
100 ## - HEADING--PERSONAL NAME
- Personal name: Yunus A. Cengel Michael A.Boles
670 ## - SOURCE DATA FOUND
- Source citation: Work cat.: (NUST): Yunus A. Cengel Michael A.Boles, Thermodynamics an Engineering Approach 5th, 2006
